Statistics for Top Rugby Point Scorer Per Country (Top 25 Countries)

Click here to take the quiz!

General Stats

  • This quiz has been taken 5 times
  • The average score is 3 of 25

Answer Stats

NPlayerNational TeamClub(s)Years ActiveAppearancesPoints% Correct
3Dan CarterNew ZealandCanterbury,
Crusaders,
Perpignan (France),
Racing 92 (France),
Kobelco Steelers (Japan)
2002-20203554,292
80%
2Jonny WilkinsonEnglandNewcastle Falcons,
Toulon (France),
British & Irish Lions (International)
1997-20144145,112
80%
5Ronan O'GaraIrelandMunster,
British & Irish Lions (International)
1997-20133703,078
80%
11Nicolá SánchezArgentinaPampas XV,
Bordeaux (France),
Toulon (France),
Jaguares,
Stade Francais (France),
2010-present2431,877
40%
6Michael LynaghAustraliaQueensland Reds,
Benetton Treviso (Italy),
Saracens (England)
1982-1998191+2,356+
20%
1Neil JenkinsWalesPontypridd,
Cardiff,
Celtic Warriors,
British & Irish Lions (International)
1990-20043995,188
20%
7Percy MontgomerySouth AfricaNewport (Wales),
Newport-Gwent Dragons (Wales),
Perpignan (France),
Barbarians (International),
Western Province,
DHL Stormers,
Cell C Sharks
1996-20083282,300
20%
12Ayumu GoromaruJapanYamaha Júblo,
Toulon (France),
Queensland Reds (Australia)
2005-20151751,849
0%
10Chris PatersonScotlandGlasgow,
Edinburgh,
Gloucester (England)
British & Irish Lions (International)
1998-20122811,906
0%
24Cristian GonzálezChileNo Info1995-201231+221+
0%
17Diego DomínquezItalyStade Francais (France)1989-200376+1,010+
0%
23Esteban RoqueSpainNo Info2004-200722+285+
0%
16Felipe BerchesiUruguayRugby Badia (Italy),
Chambéry (France),
Carcassone (France),
Dax (France)
2011-present154+1,165
0%
9Florin VlaicuRomaniaSteaua Bucuresti,
RCM Timisoara,
Farul Constanta,
Olimpia Bucuresti,
Calvisano (Italy),
CSM Bucuresti
2005-20222692,044
0%
8Frédéic MichalakFranceToulouse,
Toulon,
Lyon,
Cell C Sharks (South Africa)
2000-20154592,264
0%
22Goncalo MalheiroPortugalCDUP,
CRC Madrid (Spain)
1998-200741+528+
0%
4James PritchardCanadaBedford Blues (England),
Plymouth Albion (England),
USA Perpignan (France),
Northampton Saints (England),
Ampthill (England),
Coventry (England),
Old Albanian (England)
2001-20154044,097
0%
21Kurt MorathTonga
Auckland (New Zealand),
Taranaki (New Zealand)
Kubota Spears (Japan),
Biarritz (France),
San Diego Breakers (U.S.A),
Utah Warriors (U.S.A),
Doncaster Knights (England),
Austin Gilgronis (U.S.A)
2006-present99666
0%
13Merab KvirikashviliGeorgiaLelo Saracens,
Pau (France),
Massy (France),
Figneac (France),
Saint-Junien (France),
Montlucon (France),
2003-present209+1,841+
0%
20Mike HercusUnited StatesSale Sharks (England),
Llanelli Scarlets (Wales),
Newport Gwent Dragons (Wales)
2002-present106783
0%
14Nicky LittleFijiCanterbury (New Zealand),
Waikato (New Zealand),
North Harbour (New Zealand).
Sale (England),
Dax (France),
Pontypridd (Wales),
Saracens (England),
Calvisano (Italy),
Petrarca Padova (Italy),
Bath (England),
Bristol (England),
Esher (England)
1996-2013275+1,704
0%
25Rowan VartyHong KongDeA Tigers RFC,
Barbarians (International)
2008-201739+90+
0%
18Theuns KotzéNamibiaLeopards (South Africa),
Welwitschias,
SWD Eagles (South Africa),
Provence (France),
Bourg-en-Bresse (France),
Boland Cavalers (South Africa)

2010-2017108995
0%
19Tusi PisiSamoaNorth Harbour (New Zealand),
Crusaders (New Zealand),
Toulon (France),
Suntory Sungoliath (Japan),
Hurricanes (New Zealand),
Sunwolves (Japan)
Bristol Bears (England),
Toyota Industries Shuttles (Japan),

2002-present283978
0%
15Yuri KushnarevRussiaVVA,
Kuban Krasnodar,
Yenisey,
Krasnoyarsk,
Krasny Krasnoyarsk
2002-2021174+1,241
0%

Score Distribution

Percentile by Number Answered

Percent of People with Each Score

Your Score History

You have not taken this quiz